Haciendo memoria en el país de nunca más /
Guardado en:
| Autor Principal: | |
|---|---|
| Otros Autores: | , |
| Formato: | Libro |
| Publicado: |
Buenos Aires :
Eudeba,
1997
|
| Materias: | |
| Etiquetas: |
Agregar Etiqueta
Sin Etiquetas, Sea el primero en etiquetar este registro!
|
| LEADER | 00965nam a22002775a 4500 | ||
|---|---|---|---|
| 001 | CEM.cems009507 | ||
| 008 | 130507s1997##################000#0#####d | ||
| 005 | 20211004171753.0 | ||
| 003 | CEMS | ||
| 245 | 1 | 0 | |a Haciendo memoria en el país de nunca más / |c I. Dussel, S. Finocchio, S. Gojman |
| 260 | |a Buenos Aires : |b Eudeba, |c 1997 | ||
| 300 | |a 175 p. | ||
| 505 | 0 | |a El papel del Estado y la sociedad -- Los jóvenes -- La violencia y la tolerancia -- La memoria y el olvido | |
| 020 | |a 9502306236 | ||
| 100 | 1 | |a Finocchio, Silvia | |
| 700 | 1 | |a Dussel, I | |
| 700 | 1 | |a Gojman, S. | |
| 082 | 0 | 4 | |a 372.89 |
| 653 | |a Derechos humanos | ||
| 653 | |a Estado y sociedad | ||
| 653 | |a Historia | ||
| 653 | |a Historia argentina-1945 | ||
| 653 | |a Violencia | ||
| 859 | |a CEMS |b BIB. CEMS - 11 de abril |h 372.89 |i F498 |p 19289.97 |t Ej.1 | ||
| 859 | |a CEMS |b BIB. CEMS - Agricultura |h 372.89 |i D947 |p A0116.00 |t Ej.1 | ||
| 859 | |a CEMS |b BIB. CEMS - 11 de abril |h 372.89 |i F498 |p 19442.97 |t Ej.2 | ||
